000 00665nam a2200289Ia 4500
005 20260324133148.0
008 008 260324s9999 xx 000 0 eng d
020 _a9780203489765
037 _aEBOOK
040 _aCRL
040 _beng
040 _cCRL
041 _2eng
041 _aeng
084 _qCRL
100 _aJohn Franceschina
_91192032
245 0 _aHarry B. Smith
245 0 _bDean of American Librettists
260 _bTaylor and Francis
260 _c2003
365 _a
365 _b230
856 _uhttp://www.taylorfrancis.com/books/9780203489765
942 _cEBOOK
999 _c1790833
_d1790833